000 00573nam a2200217Ia 4500
003 OSt
005 20220928113234.0
006 a|||||r|||| 00| 0
007 ta
008 220927b |||||||| |||| 00| 0 eng d
024 _a64220
037 _cReference Collections
040 _aSDCL
_cSDCL
_beng
041 _2eng
_aeng
082 _a2k RR, 152M8
245 0 _aPustkalyavigyan Paribhasha kosh
260 _aDelhi
300 _avi,186p
_ccm.
942 _h2k RR, 152M8
_cREF
_2CC
999 _c748667
_d748667